Starship Troopers (1997): Characters by Picture - Statistics

General Stats
  • This quiz has been taken 5 times
  • The average score is 6 of 12
Answer Stats
Picture Answer % Correct
Brain Bug
100%
General John Rico
100%
Ace Levy
75%
Sergeant Zim
75%
Captain Carmen Ibanez
50%
Sergeant Dizzy Flores
50%
Captain Deladier
25%
General (Dr.) Carl Jenkins
25%
General Owen
25%
Lieutenant Jean Rasczak
25%
Sergeant "Sugar" Watkins
25%
Zander Barcalow
25%
No matching quizzes found
Score Distribution
Percent of People with Each Score
Percentile by Number Answered
Your Score History
You have not taken this quiz